000 00290nam a22001337a 4500
008 170614b xxu||||| |||| 00| 0 eng d
020 _a9781889119465
041 _aeng
080 _a324
100 _a19
101 _aSHP
245 _aTHE ELECTIONS 2000
_cPOMPER.G.M
942 _2udc
_cBK
999 _c17277
_d17277